[Event "chess.com SpeedChess Q2Sw"]
[Site "chess.com INT"]
[Date "2022.11.12"]
[Round "9"]
[White "Swiercz, Dariusz"]
[Black "Rustemov, Alexander"]
[Result "0-1"]
[WhiteTitle "GM"]
[BlackTitle "GM"]
[WhiteElo "2646"]
[BlackElo "2525"]
[WhiteFideId "1126881"]
[BlackFideId "4119002"]
[EventDate "2022.11.12"]

1. d4 g6 2. g3 Bg7 3. Bg2 c5 4. c3 Qc7 5. Nf3 Nf6 6. O-O O-O 7. Na3 d6 8. Bg5
Nbd7 9. Re1 h6 10. Bf4 a6 11. e4 e5 12. Bd2 b5 13. Nc2 exd4 14. cxd4 Bb7 15. d5
Rfe8 16. Nh4 c4 17. Bc3 Nc5 18. f3 Nd3 19. Bf1 Nxe1 20. Nxe1 Nd7 21. Bxg7 Kxg7
22. Nc2 Qb6+ 23. Kh1 Rac8 24. Rc1 c3 25. b4 Nf6 26. Bg2 Qf2 27. Qd3 Qd2 28. Rd1
Qxd3 29. Rxd3 Bxd5 30. Bh3 Be6 31. Bxe6 Rxe6 32. Ng2 d5 33. Nf4 Re5 34. exd5 g5
35. Ng2 Re2 36. Nge3 Rd2 37. Rd4 Rd8 38. d6 Kg6 39. f4 Rxd4 40. Nxd4 Rxd6 41.
Nec2 gxf4 42. gxf4 Nd5 43. f5+ Kf6 44. Nb3 Kxf5 45. Kg2 Ke4 46. Nc5+ Kf4 47.
Nd3+ Kf5 48. Kf3 Rd8 49. Nc5 Rc8 50. a3 a5 51. Nd3 axb4 52. axb4 Ra8 53. Nd4+
Kf6 54. Nxb5 Rb8 55. Nd4 Nxb4 56. Nc5 Rc8 57. Nd7+ Kg6 58. Ne5+ Kg7 59. Ne2 c2
60. Nc1 Ra8 61. Ke3 Ra1 62. Kd2 Kf6 63. Ng4+ Kg5 64. Nf2 f5 65. Nh3+ Kg4 66.
Nf2+ Kf3 67. Nh3 Kg2 68. Nf4+ Kxh2 69. Ne6 Kg3 70. Nd4 f4 71. Nce2+ Kg4 72. Nc1
h5 73. Ndb3 Rxc1 74. Nxc1 h4 75. Ne2 h3 76. Ke1 h2 77. Kf2 h1=Q 78. Nd4 Qh2+ 79.
Ke1 c1=Q# 0-1

[Event "chess.com SpeedChess Q2Sw"]
[Site "chess.com INT"]
[Date "2022.11.12"]
[Round "9"]
[White "Alekseenko, Kirill"]
[Black "Erdogdu, Mert"]
[Result "1-0"]
[WhiteTitle "GM"]
[BlackTitle "GM"]
[WhiteElo "2687"]
[BlackElo "2413"]
[WhiteFideId "4135539"]
[BlackFideId "6301495"]
[EventDate "2022.11.12"]

1. e4 c5 2. h3 Nc6 3. Bb5 g6 4. Bxc6 bxc6 5. Nf3 d6 6. d3 f5 7. Nc3 Nf6 8. e5
Nd5 9. O-O Nxc3 10. bxc3 Bg7 11. Bf4 O-O 12. Qd2 c4 13. d4 Be6 14. exd6 exd6 15.
Bh6 Bd5 16. Bxg7 Kxg7 17. Qf4 Qf6 18. Rab1 Rab8 19. Rfe1 h6 20. h4 Be4 21. Rxb8
Rxb8 22. Nd2 Bd5 23. Nf1 g5 24. Qc1 f4 25. Nd2 Rb7 26. hxg5 hxg5 27. Ne4 Qg6 28.
f3 Re7 29. Nf2 Rxe1+ 30. Qxe1 Kf7 31. Qb1 Qe6 32. Ng4 Qd7 33. a4 Be6 34. Nf2 Bf5
35. a5 Qe7 36. Qf1 Qe6 37. Qb1 Kg6 38. Kh2 Qe2 39. Kg1 Bxc2 40. Qf1 Qxf1+ 41.
Kxf1 Bf5 42. Nd1 Kf6 43. Kf2 Ke6 44. Ke2 Kd5 45. g4 Bc2 46. Nf2 Ke6 47. Kd2 Ba4
48. Ne4 Kd5 49. Nxg5 c5 50. dxc5 Kxc5 51. Ne6+ Kd5 52. Nxf4+ Ke5 53. Ne2 Bc6 54.
Ke3 Bd5 55. f4+ Kf6 56. Nd4 Bb7 57. Kf2 Bc8 58. Kg3 Bd7 59. Kf3 d5 60. Kg3 Kg6
61. Kh4 Kf6 62. Kh5 Be8+ 63. Kh6 Bd7 64. g5+ Kf7 65. f5 Kg8 66. Kg6 Kf8 67. Kf6
Be8 68. Ke5 Bf7 69. g6 Bg8 70. f6 Ke8 71. Kd6 Kf8 72. a6 Bf7 73. gxf7 Kxf7 74.
Kxd5 Kxf6 75. Kxc4 Ke5 76. Kc5 1-0

[Event "chess.com SpeedChess Q2Sw"]
[Site "chess.com INT"]
[Date "2022.11.12"]
[Round "9"]
[White "Singh, Arvinder Preet"]
[Black "Vifleemskaia, Svetlana"]
[Result "0-1"]
[WhiteTitle "FM"]
[BlackTitle "WFM"]
[WhiteElo "2148"]
[BlackElo "1947"]
[WhiteFideId "5013240"]
[BlackFideId "4129490"]
[EventDate "2022.11.12"]

1. e4 e5 2. Nf3 Nc6 3. Bb5 a6 4. Ba4 Nf6 5. O-O Be7 6. Re1 b5 7. Bb3 d6 8. c3
O-O 9. h3 Nd7 10. d4 Bf6 11. a4 Bb7 12. Be3 Na5 13. Bc2 Nc4 14. Bc1 c5 15. d5 b4
16. b3 Ncb6 17. a5 Nc8 18. Nbd2 bxc3 19. Nc4 Rb8 20. Bd3 g6 21. Bh6 Bg7 22. Bxg7
Kxg7 23. Qc1 h6 24. Qxc3 Nf6 25. Nfd2 Nh5 26. g3 Kh7 27. Kg2 Qg5 28. Kh2 Qf6 29.
Rf1 Qe7 30. Be2 Nf6 31. Rae1 Na7 32. Nb6 Nb5 33. Bxb5 axb5 34. f4 Kg7 35. fxe5
Qxe5 36. Qxe5 dxe5 37. Rf2 Ba6 38. Ref1 Ne8 39. Nd7 Nd6 40. Nxb8 Rxb8 41. Rf6
Rd8 42. R1f2 Bc8 43. g4 Ba6 44. Kg3 c4 45. b4 c3 46. Nb1 Nxe4+ 47. Kg2 Nxf6 48.
Nxc3 Nxd5 49. Ne4 Nxb4 50. Nc5 Nd3 51. Nxa6 Nxf2 52. Kxf2 Ra8 53. Nb4 Rxa5 54.
Ke3 Ra4 55. Nd5 Ra3+ 56. Ke4 Rxh3 57. Kxe5 Rh4 58. Ne3 h5 59. g5 Rh3 60. Nd5 Rb3
61. Kd4 h4 62. Nf4 h3 63. Ne2 Rb2 64. Ng3 h2 65. Nh1 Rg2 66. Ke3 Rxg5 67. Kf2
Rg1 68. Ng3 Rxg3 69. Kxg3 h1=Q 0-1

[Event "chess.com SpeedChess Q2Sw"]
[Site "chess.com INT"]
[Date "2022.11.12"]
[Round "9"]
[White "Han, Yichen"]
[Black "Firat, Burak"]
[Result "1/2-1/2"]
[WhiteTitle "FM"]
[BlackTitle "GM"]
[WhiteElo "2423"]
[BlackElo "2460"]
[WhiteFideId "1054430"]
[BlackFideId "6305881"]
[EventDate "2022.11.12"]

1. e4 e6 2. d4 d5 3. Nc3 Nf6 4. Bg5 dxe4 5. Nxe4 Nbd7 6. Nf3 h6 7. Nxf6+ Nxf6 8.
Be3 Bd6 9. c4 b6 10. Be2 O-O 11. O-O Bb7 12. Qc2 Be4 13. Qc3 c6 14. Rad1 Qc7 15.
h3 Rac8 16. Nd2 Bg6 17. Nb3 Ne4 18. Qc1 f5 19. c5 bxc5 20. dxc5 Be5 21. Nd4 Bxd4
22. Bxd4 e5 23. Bc3 Qe7 24. b4 f4 25. Bf3 Ng5 26. Bg4 Rc7 27. Rfe1 e4 28. Rd6
Kh7 29. h4 Nf7 30. h5 Bxh5 31. Bxh5 Nxd6 32. cxd6 Qxd6 33. Rxe4 Qd3 34. Rd4 Qf5
35. Bf3 Re8 36. Rxf4 Qg5 37. Bd2 Qg6 38. Rg4 Qf5 39. Rf4 Qg6 40. Rc4 Rf7 41.
Rxc6 Qf5 42. Rc5 Qd3 43. Bh5 g6 44. Bf3 Ree7 45. Rc3 Qf5 46. Re3 Rc7 47. Qe1 Qc2
48. Be4 Qxa2 49. Rg3 Rf6 50. Rh3 Qe6 51. Bxh6 Kg8 52. Re3 Qd6 53. Bg5 Re6 54. f3
Qd4 55. Kh2 Re5 56. Bf4 Rh5+ 57. Kg1 Rf7 58. Qg3 Rf6 59. Kf2 Qb2+ 60. Re2 Qxb4
61. Be3 Qxe4 62. Qb8+ Kf7 63. Qxa7+ Qe7 64. Qa2+ Qe6 65. Qb2 Re5 66. Qb7+ Qe7
67. Qb2 Kg7 68. Bd4 Rxe2+ 69. Qxe2 Qxe2+ 70. Kxe2 Kf7 71. Bxf6 Kxf6 72. Ke3 Kf5
73. Kd3 Kf4 74. Ke2 Kg3 75. Kf1 g5 76. Kg1 g4 77. fxg4 Kxg4 78. Kf2 Kf4 79. Kf1
Kg4 80. Kg1 Kf4 81. Kh2 Kg4 82. g3 Kg5 83. Kh3 Kh5 84. Kg2 Kg5 85. Kf3 Kf5 86.
Ke3 Kg4 87. Ke2 Kg5 88. Kf2 Kf5 89. Kg2 Kg4 90. Kh2 Kg5 91. Kh3 Kh5 92. Kh2 Kg5 1/2-1/2

[Event "chess.com SpeedChess Q2Sw"]
[Site "chess.com INT"]
[Date "2022.11.12"]
[Round "9"]
[White "Csonka, Balazs"]
[Black "Ankerst, Mihael"]
[Result "1/2-1/2"]
[WhiteTitle "IM"]
[BlackTitle "FM"]
[WhiteElo "2497"]
[BlackElo "2370"]
[WhiteFideId "742910"]
[BlackFideId "14602369"]
[EventDate "2022.11.12"]

1. d4 Nf6 2. c4 g6 3. Nc3 Bg7 4. e4 d6 5. f3 O-O 6. Nge2 c5 7. d5 e6 8. Bg5 a6
9. a4 exd5 10. cxd5 Nbd7 11. Qd2 Ne5 12. Ng3 Bd7 13. f4 Neg4 14. h3 h6 15. Bh4
b5 16. hxg4 b4 17. Nd1 Qe8 18. Bxf6 Bxf6 19. Rxh6 Bxg4 20. Nf2 Qd7 21. Be2 Bxe2
22. Kxe2 Bg7 23. Rh3 c4 24. Rah1 c3 25. bxc3 bxc3 26. Qc2 Rab8 27. Rb1 Rb2 28.
Rxb2 cxb2 29. Rh1 Rc8 30. Qb3 Qc7 31. Nd3 Qc2+ 32. Qxc2 Rxc2+ 33. Ke3 Rxg2 34.
Ne2 g5 35. fxg5 Rxg5 36. Rb1 f5 37. Nxb2 fxe4 38. Nc4 Rxd5 39. Kxe4 Rc5 40. Nxd6
Ra5 41. Nf5 Rxa4+ 42. Kf3 Be5 43. Rb7 a5 44. Ne7+ Kf7 45. Nc6+ Ke6 46. Rb6 Bc7
47. Ra6 Kd7 48. Ned4 Ra3+ 49. Ke4 a4 50. Kd5 Ra1 51. Nb5 Rd1+ 52. Ncd4 Bg3 53.
Ra7+ Ke8 54. Rxa4 Kf7 55. Ra7+ Kg6 56. Ra2 Kh5 57. Rg2 Kg4 58. Ke4 Kh3 59. Re2
Re1 60. Kf3 Rf1+ 61. Ke3 Re1 62. Kd2 Rxe2+ 63. Kxe2 Bh4 64. Nc3 Kg4 65. Kd3 Bd8
66. Ke4 Bb6 67. Ne6 Kg3 68. Ne2+ Kf2 69. N2f4 Kg3 70. Nd3 Kg2 71. Ng5 Kg3 72.
Nf3 Kg4 73. Nde5+ Kg3 74. Kd3 Kg2 75. Ke2 Kg3 76. Ng6 Kg4 77. Ne7 Kg3 78. Nd5
Ba5 79. Nf6 Kf4 80. Nd5+ Kg3 81. Ne3 Kf4 82. Ng2+ Kg3 83. Ne3 Bb6 84. Nd1 Bc5
85. Ne5 Ba7 86. Nd3 Kg4 87. N1b2 Kf5 88. Nc4 Ke4 89. Ne1 Kd4 90. Nb2 Kc3 91.
Nbd3 Kc4 92. Nf3 Kc3 93. Nfe5 Kc2 94. Nf4 Kc3 95. Kf3 Kd4 96. Ng4 Kc3 97. Nd5+
Kd2 98. Ke4 Kc2 99. Nge3+ Kd2 100. Nc4+ Kc2 101. Ncb6 Kd2 102. Kd4 Ke2 103. Kc5
Kf2 104. Kc6 Bb8 105. Nc7 Ba7 106. Kb7 Bxb6 1/2-1/2

[Event "chess.com SpeedChess Q2Sw"]
[Site "chess.com INT"]
[Date "2022.11.12"]
[Round "9"]
[White "Dubov, Daniil"]
[Black "Xiong, Jeffery"]
[Result "1-0"]
[WhiteTitle "GM"]
[BlackTitle "GM"]
[WhiteElo "2708"]
[BlackElo "2692"]
[WhiteFideId "24126055"]
[BlackFideId "2047640"]
[EventDate "2022.11.12"]

1. Nf3 c5 2. c4 Nf6 3. g3 d5 4. cxd5 Nxd5 5. Bg2 Nc6 6. d4 cxd4 7. O-O e5 8.
Nxe5 Nxe5 9. Qxd4 Nc6 10. Qxd5 Be6 11. Qb5 Qb6 12. Nc3 Bb4 13. Qxb6 axb6 14. Nd5
Bd6 15. Rd1 Be5 16. Bf4 Bxf4 17. Nxf4 Ke7 18. Nxe6 fxe6 19. a3 Rad8 20. Rac1
Rxd1+ 21. Rxd1 Na5 22. Rc1 Kd6 23. Be4 h6 24. Kg2 Nb3 25. Rd1+ Kc7 26. Bc2 Na5
27. Rd3 Nc6 28. Rf3 Ne5 29. Rc3+ Kd6 30. Be4 Nc6 31. Kf3 Ra8 32. Ke3 Ra5 33. f4
Kd7 34. h4 Kd6 35. Rd3+ Ke7 36. Rc3 Kd6 37. g4 Ra8 38. Rd3+ Ke7 39. Rb3 Na5 40.
Rc3 Kd6 41. b4 Nc6 42. Rd3+ Ke7 43. Rc3 Kd6 44. Bf3 Kd7 45. Ke4 Kd6 46. Rd3+ Ke7
47. e3 Nd8 48. Bg2 Nf7 49. Rc3 Nd6+ 50. Kd3 Kd7 51. g5 hxg5 52. hxg5 Nb5 53. Rb3
Kc7 54. Ke2 Rxa3 55. Rxa3 Nxa3 56. Kd3 Nb5 57. Bh3 Kd7 58. Kc4 Nc7 59. Kd4 Kd6
60. e4 Nb5+ 61. Kc4 Na3+ 62. Kb3 Nb5 63. Kc4 Na3+ 64. Kd4 Nb5+ 65. Kd3 Nc7 66.
e5+ Kd7 67. Bg2 Na6 68. Kc4 Kc7 69. Bh3 Kd7 70. f5 exf5 71. Bxf5+ Ke7 72. Kb5
Nc7+ 73. Kxb6 Nd5+ 74. Kc5 Nf4 75. b5 g6 76. Bg4 Nd3+ 77. Kd4 Nf4 78. Ke4 Ng2
79. Bf3 Nh4 80. Bg4 Ng2 81. Bc8 b6 82. Kd5 Nf4+ 83. Kc6 Nd3 84. Kxb6 Nxe5 85.
Kc7 Nc4 86. Bb7 Ke6 87. Bg2 Kf5 88. Bd5 Ne3 89. Bb3 Kxg5 90. b6 1-0

[Event "chess.com SpeedChess Q2Sw"]
[Site "chess.com INT"]
[Date "2022.11.12"]
[Round "9"]
[White "Yeletsky, Ivan"]
[Black "Balaji, Aaravamudhan"]
[Result "1-0"]
[WhiteTitle "FM"]
[BlackTitle "CM"]
[WhiteElo "2491"]
[BlackElo "2353"]
[WhiteFideId "24180327"]
[BlackFideId "436224"]
[EventDate "2022.11.12"]

1. c4 e6 2. Nc3 d5 3. e3 Nf6 4. d4 Be7 5. cxd5 exd5 6. Bd3 O-O 7. Nf3 b6 8. O-O
Bb7 9. b3 Nbd7 10. Bb2 a6 11. Rc1 Bd6 12. Ne2 Qe7 13. Nf4 Rac8 14. Bf5 Rcd8 15.
Rc2 c5 16. dxc5 bxc5 17. Rd2 d4 18. Re1 Ne4 19. Rde2 Ndf6 20. Qc1 Qc7 21. Nd3 g6
22. Bh3 Nc3 23. Bxc3 dxc3 24. Qxc3 Ne4 25. Qc2 Qe7 26. Nb2 Bb8 27. Nc4 Qc7 28.
g3 Nxg3 29. hxg3 Bxf3 30. Rd2 Qe7 31. Bg2 Bg4 32. Nb6 Rxd2 33. Qxd2 Qd6 34. Nd5
Rd8 35. e4 h5 36. Qc3 Qe5 37. Qxc5 Be6 38. Ne7+ Kg7 39. Qxe5+ Bxe5 40. Nc6 Bc3
41. Rc1 Bb2 42. Nxd8 Bxc1 43. Bf1 a5 44. Bc4 Bd7 45. Nxf7 a4 46. bxa4 Bxa4 47.
Ne5 Bc2 48. Bd3 Bd1 49. Nc4 Kf6 50. Ne3 Bxe3 51. fxe3 Ke5 52. Kf2 Ba4 53. Bb1
Bb5 54. a3 Ba4 55. Kg2 Bb3 56. Kh3 g5 57. Bd3 Ba4 58. Be2 Kxe4 59. Bxh5 Kxe3 60.
Kg4 Kf2 61. Bf7 Bd1+ 62. Kh3 g4+ 63. Kh4 Ke3 64. Be6 Kd4 65. Bxg4 Bc2 66. Bd7
Kc3 67. a4 Kb4 68. Bb5 Kc5 69. g4 Kd6 70. Kg5 Be4 71. Kf4 Bb7 72. g5 Ke6 73. a5
Ba8 74. a6 Ke7 75. Bd3 Ke6 76. Bc4+ Kd6 77. Kf5 Kc5 78. Be2 Bc6 79. Kf6 Bd5 80.
g6 Kb6 81. g7 Bg8 82. Bd3 Ka7 83. Ke7 Bd5 84. Kf8 Be6 85. Bf5 Bd5 86. Bd3 Be6
87. g8=Q Bxg8 88. Kxg8 Kb8 89. Kf7 Kc7 90. Ke6 Kb6 91. Kd5 Kc7 92. Kc5 Kc8 93.
Kb6 Kb8 94. a7+ 1-0

[Event "chess.com SpeedChess Q2Sw"]
[Site "chess.com INT"]
[Date "2022.11.12"]
[Round "9"]
[White "Pranav, V"]
[Black "Fedoseev, Vladimir3"]
[Result "0-1"]
[WhiteTitle "IM"]
[BlackTitle "GM"]
[WhiteElo "2548"]
[BlackElo "2688"]
[WhiteFideId "25060783"]
[BlackFideId "24130737"]
[EventDate "2022.11.12"]

1. e4 c5 2. Nf3 Nc6 3. Bb5 g6 4. O-O Bg7 5. c3 Nf6 6. Qa4 O-O 7. d4 Qb6 8. d5
Nd8 9. Na3 d6 10. h3 a6 11. Bd3 Qc7 12. Re1 e5 13. dxe6 Nxe6 14. Be3 b5 15. Qd1
Bb7 16. Bc1 Rfe8 17. c4 b4 18. Nc2 Nf8 19. Nd2 N8d7 20. f3 Nh5 21. Nf1 Be5 22.
Nfe3 Ndf6 23. Bf1 d5 24. cxd5 Bg3 25. Ng4 Nxg4 26. fxg4 Nf6 27. d6 Bxd6 28. Ne3
Nxe4 29. g3 Bxg3 30. Re2 Rad8 31. Qa4 Bh4 32. Ng2 Bf6 33. Bf4 Qb6 34. Rae1 Bd4+
35. Kh2 Bc6 36. Qc2 Nf6 37. g5 Rxe2 38. Qxe2 Nd5 39. Bg3 Re8 40. Qd1 Rxe1 41.
Qxe1 Qd8 42. h4 Bxb2 43. Bxa6 Bd4 44. Bc4 Nb6 45. Bb3 c4 46. Bd1 Nd5 47. Bf3 c3
48. Nf4 Nxf4 49. Bxc6 Nd3 50. Qe2 Bg7 51. Bb5 Nc5 52. Bc4 Qd2 53. Qxd2 cxd2 54.
Be2 Bc3 55. Bf4 Na4 56. Kg2 Nb2 57. Kf3 d1=Q 58. Bxd1 Nxd1 59. Ke4 Nb2 60. Kd5
Kg7 61. Bd6 f6 62. gxf6+ Kxf6 63. Kc5 Kf5 64. Kb5 Kg4 65. Bxb4 Bxb4 66. Kxb4
Kxh4 67. Kb3 Nd3 68. Kc4 Ne5+ 69. Kb5 g5 70. a4 g4 71. a5 g3 72. a6 g2 73. a7
g1=Q 74. a8=Q Qg5 75. Qh1+ Kg3 76. Qxh7 Ng6+ 77. Kb4 Qf4+ 78. Kb3 Ne5 79. Qg7+
Kf2 80. Qc7 Qe3+ 81. Qc3 Qb6+ 82. Qb4 Qe6+ 83. Kc3 Qc6+ 84. Kb3 Qd5+ 85. Kb2
Nd3+ 0-1

[Event "chess.com SpeedChess Q2Sw"]
[Site "chess.com INT"]
[Date "2022.11.12"]
[Round "9"]
[White "Duda, Jan-Krzysztof"]
[Black "Salem, A.R. Saleh"]
[Result "0-1"]
[WhiteTitle "GM"]
[BlackTitle "GM"]
[WhiteElo "2731"]
[BlackElo "2677"]
[WhiteFideId "1170546"]
[BlackFideId "9301348"]
[EventDate "2022.11.12"]

1. d4 Nf6 2. c4 g6 3. Nc3 Bg7 4. e4 O-O 5. Be3 d6 6. h3 e5 7. d5 Na6 8. Nf3 Nc5
9. Nd2 a5 10. g4 c6 11. Be2 a4 12. Qc2 cxd5 13. cxd5 Bd7 14. Nc4 Qe7 15. Nb6 Ra5
16. g5 Nh5 17. Bxc5 Rxc5 18. Nxd7 Qxd7 19. Qxa4 Qe7 20. Bxh5 gxh5 21. h4 f6 22.
Rg1 fxg5 23. Rxg5 Kh8 24. Qd1 Bh6 25. Rf5 Rxf5 26. exf5 Qxh4 27. Qf3 Rc4 28. Rd1
Rf4 29. Qg3 Qf6 30. Qh3 Rh4 31. Qf3 e4 32. Qg3 Rg4 33. Qh2 Rh4 34. Qg3 Bf4 35.
Qg2 Rg4 36. Qh1 Rh4 37. Qg2 Rg4 38. Qh1 Be5 39. Nxe4 Qxf5 40. f3 Rg6 41. Ke2 h6
42. b4 h4 43. Rg1 Rxg1 44. Qxg1 h3 45. Qg4 Qxg4 46. fxg4 h2 47. Nf2 Bd4 48. Nh1
Kg7 49. Kf3 Kf6 50. Ng3 Be5 51. Ne4+ Kg6 52. Kg2 h5 53. gxh5+ Kxh5 54. a4 Kg4
55. a5 Kf5 56. Nf2 Bc3 57. b5 Bxa5 58. Kxh2 Ke5 59. Kg2 Kxd5 60. Kf3 Kc4 61. Ne4
Bb4 62. b6 d5 63. Nf6 Kc5 64. Ke3 Kc6 65. Kd3 Bc5 66. Ng4 Bxb6 67. Ne5+ Kd6 68.
Nf7+ Kc5 69. Ng5 Ba5 70. Ne6+ Kd6 71. Nd4 Bb4 72. Nc2 Bc5 73. Ne1 b5 74. Kc3 b4+
75. Kb3 Kc6 76. Nd3 Kb5 77. Nf4 Kc6 78. Nd3 Kd6 79. Kc2 d4 80. Kb3 Kd5 81. Kc2
Be7 82. Kb3 Bd6 83. Nb2 Ke4 84. Kc4 Ke3 85. Nd1+ Kd2 86. Nf2 Kc2 87. Kxd4 b3 88.
Nd3 Bf8 89. Kc4 Bg7 90. Ne1+ Kb2 91. Nd3+ Ka3 92. Ne1 b2 93. Nc2+ Ka4 94. Ne3
b1=Q 0-1

[Event "chess.com SpeedChess Q2Sw"]
[Site "chess.com INT"]
[Date "2022.11.12"]
[Round "10"]
[White "Salem, A.R. Saleh"]
[Black "Dubov, Daniil"]
[Result "1/2-1/2"]
[WhiteTitle "GM"]
[BlackTitle "GM"]
[WhiteElo "2677"]
[BlackElo "2708"]
[WhiteFideId "9301348"]
[BlackFideId "24126055"]
[EventDate "2022.11.12"]

1. d4 Nf6 2. c4 e6 3. Nc3 d5 4. cxd5 exd5 5. Bg5 Be7 6. e3 O-O 7. Bd3 Re8 8.
Nge2 Nbd7 9. O-O c6 10. Qc2 Nf8 11. f3 g6 12. a4 Ne6 13. Bh4 c5 14. Bb5 Bd7 1/2-1/2

[Event "chess.com SpeedChess Q2Sw"]
[Site "chess.com INT"]
[Date "2022.11.12"]
[Round "10"]
[White "Rasulov, Vugar"]
[Black "Rohith, Krishna S"]
[Result "1-0"]
[WhiteTitle "GM"]
[BlackTitle "FM"]
[WhiteElo "2525"]
[BlackElo "2380"]
[WhiteFideId "13402390"]
[BlackFideId "46617051"]
[EventDate "2022.11.12"]

1. e4 e5 2. Nf3 Nc6 3. Bb5 a6 4. Ba4 Nf6 5. O-O Be7 6. d3 b5 7. Bb3 d6 8. a4 b4
9. Nbd2 Na5 10. Ba2 O-O 11. Nc4 Nxc4 12. Bxc4 a5 13. c3 Ba6 14. Bxa6 Rxa6 15.
Re1 Qa8 16. Bg5 h6 17. Bh4 Rb8 18. c4 c5 19. Nd2 Ra7 20. Bxf6 Bxf6 21. Nf1 Bg5
22. g3 g6 23. h4 Bf6 24. Ne3 Bg7 25. h5 Rf8 26. Nd5 Qe8 27. Kg2 f5 28. hxg6 Qxg6
29. b3 Raf7 30. Ra2 fxe4 31. Rxe4 Rf3 32. Ne7+ 1-0

[Event "chess.com SpeedChess Q2Sw"]
[Site "chess.com INT"]
[Date "2022.11.12"]
[Round "10"]
[White "Eynullayev, Atilla"]
[Black "Mika, Tomasz"]
[Result "1-0"]
[WhiteTitle "FM"]
[BlackTitle "CM"]
[WhiteElo "2281"]
[BlackElo "2185"]
[WhiteFideId "13413570"]
[BlackFideId "1132970"]
[EventDate "2022.11.12"]

1. d4 d5 2. c4 dxc4 3. Nf3 Nf6 4. e3 e6 5. Bxc4 c5 6. O-O a6 7. dxc5 Bxc5 8.
Qxd8+ Kxd8 9. Rd1+ Ke7 10. Nbd2 b5 11. Be2 Nbd7 12. Nb3 Bd6 13. Na5 Bc7 14. Bd2
Bxa5 15. Bxa5 Bb7 16. Bb4+ Ke8 17. Nd4 Nb6 18. Nb3 Na4 19. Na5 Bd5 20. b3 Nb6
21. f3 Rc8 22. e4 Ba8 23. a4 1-0

[Event "chess.com SpeedChess Q2Sw"]
[Site "chess.com INT"]
[Date "2022.11.12"]
[Round "10"]
[White "Gabrielian, Artur"]
[Black "Sreyas, Payyappat"]
[Result "1-0"]
[WhiteTitle "GM"]
[BlackTitle "FM"]
[WhiteElo "2460"]
[BlackElo "2145"]
[WhiteFideId "4131002"]
[BlackFideId "46674969"]
[EventDate "2022.11.12"]

1. e4 c6 2. d4 d5 3. e5 Bf5 4. h4 Qc7 5. Nc3 h5 6. Bd3 Bxd3 7. Qxd3 e6 8. Nf3
Ne7 9. Bg5 Nf5 10. O-O-O a6 11. Kb1 c5 12. Nxd5 exd5 13. Qxf5 c4 14. e6 f6 15.
Qg6+ Kd8 16. Bxf6+ gxf6 17. Qxf6+ Qe7 18. Qxh8 Nc6 19. Qxh5 Kc7 20. Qxd5 Qb4 21.
c3 Qa4 22. Qd7+ Kb6 23. Ne5 Qb5 24. Nxc6 Qf5+ 25. Ka1 bxc6 26. d5 c5 27. Qc6+
Ka7 28. Qc7# 1-0

[Event "chess.com SpeedChess Q2Sw"]
[Site "chess.com INT"]
[Date "2022.11.12"]
[Round "10"]
[White "Mezhlumyan, Vahram"]
[Black "Jegorovas, Aleksandras"]
[Result "0-1"]
[WhiteTitle "FM"]
[BlackTitle "FM"]
[WhiteElo "2208"]
[BlackElo "2270"]
[WhiteFideId "13302183"]
[BlackFideId "12801950"]
[EventDate "2022.11.12"]

1. d4 e6 2. c4 Nf6 3. Nf3 Nc6 4. Nc3 Bb4 5. Qc2 d5 6. e3 O-O 7. Bd3 a6 8. cxd5
exd5 9. O-O Bd6 10. h3 Nb4 11. Qe2 Nxd3 12. Qxd3 c6 13. Ne5 Qe7 14. f4 Ne4 15.
Bd2 Bf5 16. Qe2 f6 17. Nf3 Rae8 18. Nxe4 Bxe4 19. Ne1 f5 20. Rc1 Kh8 21. Nd3
Bxd3 22. Qxd3 Qe4 23. Qc3 Rg8 24. Rf3 g5 25. fxg5 Rxg5 26. Rcf1 Reg8 27. R1f2
Rxg2+ 28. Rxg2 Qxf3 29. Rxg8+ Kxg8 30. Qb3 Bg3 0-1

[Event "chess.com SpeedChess Q2Sw"]
[Site "chess.com INT"]
[Date "2022.11.12"]
[Round "10"]
[White "Aradhya, Garg"]
[Black "Swiercz, Dariusz"]
[Result "0-1"]
[WhiteTitle "FM"]
[BlackTitle "GM"]
[WhiteElo "2289"]
[BlackElo "2646"]
[WhiteFideId "25006746"]
[BlackFideId "1126881"]
[EventDate "2022.11.12"]

1. d4 Nf6 2. Nf3 e6 3. Bg5 b6 4. Nbd2 Bb7 5. e3 h6 6. Bh4 d5 7. Bb5+ c6 8. Bd3
Nbd7 9. e4 dxe4 10. Nxe4 Be7 11. Nxf6+ Bxf6 12. Bg3 O-O 13. O-O c5 14. dxc5 Nxc5
15. Bd6 Nxd3 16. Bxf8 Nxb2 17. Qxd8 Rxd8 18. Bb4 a5 19. Bd2 Bxf3 20. Be3 Bd5 21.
Bxb6 Ra8 22. a4 Nc4 23. Rab1 Nd2 24. Rb5 Nxf1 0-1

[Event "chess.com SpeedChess Q2Sw"]
[Site "chess.com INT"]
[Date "2022.11.12"]
[Round "10"]
[White "Meier, Georg"]
[Black "Biastoch, Bennet"]
[Result "1-0"]
[WhiteTitle "GM"]
[BlackTitle "FM"]
[WhiteElo "2615"]
[BlackElo "2232"]
[WhiteFideId "4675789"]
[BlackFideId "12939889"]
[EventDate "2022.11.12"]

1. Nf3 d5 2. d4 Nf6 3. Bf4 c5 4. e3 Nc6 5. c3 Qb6 6. Qb3 c4 7. Qc2 Bf5 8. Qc1 h6
9. Nbd2 e6 10. Be2 Be7 11. O-O O-O 12. Bd1 Qd8 13. Bc2 Ne4 14. Re1 b5 15. Nxe4
Bxe4 16. Nd2 f5 17. f3 Bxc2 18. Qxc2 a5 19. Bg3 Bh4 20. e4 Bxg3 21. hxg3 Qg5 22.
exd5 exd5 23. Re6 Nd8 24. Re5 Qxg3 25. Rxd5 Ne6 26. Nf1 Qg5 27. Rxb5 Nf4 28. Qd2
Rae8 29. g3 Nh3+ 30. Kg2 Re2+ 31. Qxe2 Nf4+ 32. Kf2 Nxe2 33. Kxe2 Re8+ 34. Kf2
f4 35. Rxg5 1-0

[Event "chess.com SpeedChess Q2Sw"]
[Site "chess.com INT"]
[Date "2022.11.12"]
[Round "10"]
[White "Kleiman, Jake"]
[Black "Ilkhomi, Jaloliddin"]
[Result "1-0"]
[WhiteTitle "IM"]
[BlackTitle "FM"]
[WhiteElo "2399"]
[BlackElo "2145"]
[WhiteFideId "2020041"]
[BlackFideId "14700948"]
[EventDate "2022.11.12"]

1. e4 e6 2. d3 d5 3. Qe2 Nf6 4. Nf3 c5 5. g3 Nc6 6. Bg2 Qc7 7. O-O d4 8. Nbd2 e5
9. a4 Bd6 10. Nc4 O-O 11. Nh4 a6 12. f4 Nd7 13. Nf5 Be7 14. Nxe7+ Nxe7 15. f5 f6
16. g4 Ra7 17. a5 b5 18. axb6 Nxb6 19. Nxb6 Qxb6 20. b3 Kf7 21. g5 Ke8 22. Qh5+
Kd8 23. Bd2 Nc6 24. Qxh7 Qc7 25. Kh1 Qe7 26. Bf3 Qe8 27. Bh5 Rh8 28. Bxe8 Rxh7
29. Bxc6 1-0

[Event "chess.com SpeedChess Q2Sw"]
[Site "chess.com INT"]
[Date "2022.11.12"]
[Round "10"]
[White "Bochnicka, Vladimir ml."]
[Black "Barria Zuniga, Daniel"]
[Result "0-1"]
[WhiteTitle "FM"]
[BlackTitle "IM"]
[WhiteElo "2350"]
[BlackElo "2341"]
[WhiteFideId "14943450"]
[BlackFideId "3400816"]
[EventDate "2022.11.12"]

1. e4 c5 2. Nf3 Nc6 3. d4 cxd4 4. Nxd4 e6 5. Nc3 Qc7 6. Qd3 a6 7. Nxc6 dxc6 8.
Qg3 e5 9. Bc4 b5 10. Bb3 a5 11. a4 b4 12. Nd1 Nf6 13. f3 Nd7 14. Be3 Nc5 15.
Bxc5 Bxc5 16. Qxg7 Rf8 17. Nf2 Ba6 18. Ng4 O-O-O 19. Qxe5 Qb6 20. Qf5+ Kb8 21.
Rd1 Bf2+ 22. Nxf2 Qe3# 0-1

[Event "chess.com SpeedChess Q2Sw"]
[Site "chess.com INT"]
[Date "2022.11.12"]
[Round "10"]
[White "Lazavik, Denis"]
[Black "Boruchovsky, Avital"]
[Result "1-0"]
[WhiteTitle "IM"]
[BlackTitle "GM"]
[WhiteElo "2529"]
[BlackElo "2552"]
[WhiteFideId "13515110"]
[BlackFideId "2800055"]
[EventDate "2022.11.12"]

1. d4 e6 2. c4 d5 3. Nf3 c5 4. cxd5 exd5 5. Nc3 c4 6. e4 dxe4 7. Nxe4 Be7 8.
Bxc4 Nc6 9. O-O Nf6 10. Nxf6+ Bxf6 11. Re1+ Ne7 12. Bg5 Bxg5 13. Nxg5 O-O 14.
Qh5 Bf5 15. Nxf7 Qxd4 16. Ne5+ Kh8 17. Rad1 Qb6 18. Nf7+ Kg8 19. Rxe7 Bg6 20.
Ne5+ 1-0